<?xml version="1.0" encoding="UTF-8"?>
<record
    xmlns:xsi="http://www.w3.org/2001/XMLSchema-instance"
    xsi:schemaLocation="http://www.loc.gov/MARC21/slim http://www.loc.gov/standards/marcxml/schema/MARC21slim.xsd"
    xmlns="http://www.loc.gov/MARC21/slim">

  <leader>03347nam a2200505 i 4500</leader>
  <controlfield tag="001">89747</controlfield>
  <controlfield tag="003">FINmELB</controlfield>
  <controlfield tag="005">20241217171902.0</controlfield>
  <controlfield tag="006">m     o  u        </controlfield>
  <controlfield tag="007">cr cn|||||||||</controlfield>
  <controlfield tag="008">220708s1998    gw a    ob    001 0 spa d</controlfield>
  <datafield tag="020" ind1=" " ind2=" ">
    <subfield code="a">3893543570</subfield>
    <subfield code="q">(Vervuert)</subfield>
  </datafield>
  <datafield tag="020" ind1=" " ind2=" ">
    <subfield code="a">8488906633</subfield>
    <subfield code="q">(Iberoamericana)</subfield>
  </datafield>
  <datafield tag="035" ind1=" " ind2=" ">
    <subfield code="a">(OCoLC)1336970587</subfield>
  </datafield>
  <datafield tag="040" ind1=" " ind2=" ">
    <subfield code="a">FINmELB</subfield>
    <subfield code="b">spa</subfield>
    <subfield code="e">rda</subfield>
    <subfield code="c">FINmELB</subfield>
  </datafield>
  <datafield tag="041" ind1="1" ind2=" ">
    <subfield code="a">spa</subfield>
    <subfield code="h">eng</subfield>
  </datafield>
  <datafield tag="043" ind1=" " ind2=" ">
    <subfield code="a">e-gx---</subfield>
  </datafield>
  <datafield tag="050" ind1="0" ind2="0">
    <subfield code="a">PQ6311.G5</subfield>
    <subfield code="b">S855 1998</subfield>
  </datafield>
  <datafield tag="080" ind1=" " ind2=" ">
    <subfield code="a">860 Calder&#xF3;n de la Barca, Pedro.06:830.09</subfield>
  </datafield>
  <datafield tag="082" ind1="0" ind2="0">
    <subfield code="a">862/.3</subfield>
    <subfield code="2">21</subfield>
  </datafield>
  <datafield tag="100" ind1="1" ind2=" ">
    <subfield code="a">Sullivan, Henry W.,</subfield>
    <subfield code="d">1942-</subfield>
    <subfield code="e">autor.</subfield>
  </datafield>
  <datafield tag="240" ind1="1" ind2="0">
    <subfield code="a">Calder&#xF3;n in the German lands and the Low Countries.</subfield>
    <subfield code="l">Espa&#xF1;ol</subfield>
  </datafield>
  <datafield tag="245" ind1="1" ind2="3">
    <subfield code="a">El Calder&#xF3;n alem&#xE1;n :</subfield>
    <subfield code="b">recepci&#xF3;n e influencia de un genio hispano (1654-1980) /</subfield>
    <subfield code="c">Henry W. Sullivan ; traducido del ingl&#xE9;s por Milena Grass.</subfield>
  </datafield>
  <datafield tag="264" ind1=" " ind2="1">
    <subfield code="a">Frankfurt :</subfield>
    <subfield code="b">Vervuert Verlag ;</subfield>
    <subfield code="a">Madrid :</subfield>
    <subfield code="b">Iberoamericana,</subfield>
    <subfield code="c">1998.</subfield>
  </datafield>
  <datafield tag="300" ind1=" " ind2=" ">
    <subfield code="a">1 recurso en l&#xED;nea (531 p&#xE1;ginas) :</subfield>
    <subfield code="b">ilustraciones</subfield>
  </datafield>
  <datafield tag="336" ind1=" " ind2=" ">
    <subfield code="a">texto</subfield>
    <subfield code="b">txt</subfield>
    <subfield code="2">rdacontent/spa</subfield>
  </datafield>
  <datafield tag="337" ind1=" " ind2=" ">
    <subfield code="a">computadora</subfield>
    <subfield code="b">c</subfield>
    <subfield code="2">rdamedia/spa</subfield>
  </datafield>
  <datafield tag="338" ind1=" " ind2=" ">
    <subfield code="a">recurso en l&#xED;nea</subfield>
    <subfield code="b">cr</subfield>
    <subfield code="2">rdacarrier/spa</subfield>
  </datafield>
  <datafield tag="490" ind1="1" ind2=" ">
    <subfield code="a">Teor&#xED;a y pr&#xE1;ctica del teatro =</subfield>
    <subfield code="a">Theatre theory and practice ;</subfield>
    <subfield code="v">volumen 7</subfield>
  </datafield>
  <datafield tag="504" ind1=" " ind2=" ">
    <subfield code="a">Incluye referencias bibliogr&#xE1;ficas (p&#xE1;ginas [501]-506) e &#xED;ndice.</subfield>
  </datafield>
  <datafield tag="505" ind1="0" ind2=" ">
    <subfield code="a">P&#xC1;GINA LEGAL -- CONTENIDO -- ILUSTRACIONES -- PREFACIO A LA VERSI&#xD3;N ESPA&#xD1;OLA -- INTRODUCCI&#xD3;N -- 1. VIDA Y OBRA DE DON PEDRO CALDER&#xD3;N DE LA BARCA (1600-1681) -- 2. &#xBF;C&#xD3;MO LLEGARON LAS OBRAS DE CALDER&#xD3;N A ALEMANIA? LOS PA&#xCD;SES BAJOS, 1647-1767 -- 3. LOS BURGUESES APLAUDEN: CALDER&#xD3;N EN EL ANONIMATO -- 4. UNA V&#xCD;CTIMA DEL NEOCLASICISMO -- 5. LA REVOLUCI&#xD3;N CR&#xCD;TICA EN ALEMANIA -- 6. LA APOTEOSIS ROM&#xC1;NTICA DE CALDER&#xD3;N -- 7. LOS FIL&#xD3;SOFOS IDEALISTAS ALEMANES -- 8. CALDER&#xD3;N EN LA ESCENA ROM&#xC1;NTICA ALEMANA -- 9. CALDER&#xD3;N Y LA M&#xDA;SICA ALEMANA -- 10. LA ERA DEL POSITIVISMO Y EL SEGUNDO REICH (1871-1918) -- 11. DE LA REP&#xDA;BLICA DE WEIMAR AL TERCER REICH -- 12. CALDER&#xD3;N EN ALEMANIA DESDE 1945 -- 13. CONCLUSI&#xD3;N GENERAL -- AP&#xC9;NDICE A: CRONOLOG&#xCD;A DE LA DIFUSI&#xD3;N EUROPEA DEL TEATRO DE CALDER&#xD3;N EN OBRAS INDIVIDUALES, 1642-1799 -- AP&#xC9;NDICE B: CRONOLOG&#xCD;A DE LA DIFUSI&#xD3;N EN LENGUA ALEMANA DEL TEATRO DE CALDER&#xD3;N EN OBRAS INDIVIDUALES, 1800-1977 -- ABREVIACIONES DE REVISTAS CIENT&#xCD;FICAS -- NOTAS -- BIBLIOGRAF&#xCD;A SELECCIONADA -- &#xCD;NDICE.</subfield>
  </datafield>
  <datafield tag="588" ind1=" " ind2=" ">
    <subfield code="a">Descripci&#xF3;n basada en metadatos suministrados por el editor y otras fuentes.</subfield>
  </datafield>
  <datafield tag="590" ind1=" " ind2=" ">
    <subfield code="a">Recurso electr&#xF3;nico. Santa Fe, Arg.: elibro, 2022. Disponible v&#xED;a World Wide Web. El acceso puede estar limitado para las bibliotecas afiliadas a elibro.</subfield>
  </datafield>
  <datafield tag="600" ind1="1" ind2="0">
    <subfield code="a">Calder&#xF3;n de la Barca, Pedro,</subfield>
    <subfield code="d">1600-1681</subfield>
    <subfield code="x">Appreciation</subfield>
    <subfield code="z">Germany.</subfield>
  </datafield>
  <datafield tag="600" ind1="1" ind2="0">
    <subfield code="a">Calder&#xF3;n de la Barca, Pedro,</subfield>
    <subfield code="d">1600-1681</subfield>
    <subfield code="x">Influence.</subfield>
  </datafield>
  <datafield tag="600" ind1="1" ind2="4">
    <subfield code="a">Calder&#xF3;n de la Barca, Pedro,</subfield>
    <subfield code="d">1600-1681.</subfield>
    <subfield code="t">Teatro</subfield>
    <subfield code="x">Influencia</subfield>
    <subfield code="z">Alemania.</subfield>
  </datafield>
  <datafield tag="600" ind1="1" ind2="0">
    <subfield code="a">Calder&#xF3;n de la Barca, Pedro,</subfield>
    <subfield code="d">1600-1681</subfield>
    <subfield code="x">Stage history</subfield>
    <subfield code="z">Germany.</subfield>
  </datafield>
  <datafield tag="650" ind1=" " ind2="4">
    <subfield code="a">Literatura espa&#xF1;ola y literatura alemana</subfield>
    <subfield code="x">Influencia.</subfield>
  </datafield>
  <datafield tag="650" ind1=" " ind2="0">
    <subfield code="a">German drama</subfield>
    <subfield code="x">History and criticism.</subfield>
  </datafield>
  <datafield tag="655" ind1=" " ind2="4">
    <subfield code="a">Libros electr&#xF3;nicos.</subfield>
  </datafield>
  <datafield tag="700" ind1="1" ind2=" ">
    <subfield code="a">Grass, Milena,</subfield>
    <subfield code="e">traductor.</subfield>
  </datafield>
  <datafield tag="797" ind1="2" ind2=" ">
    <subfield code="a">elibro, Corp.</subfield>
  </datafield>
  <datafield tag="830" ind1=" " ind2="0">
    <subfield code="a">Teor&#xED;a y pr&#xE1;ctica del teatro ;</subfield>
    <subfield code="v">volumen 7.</subfield>
  </datafield>
  <datafield tag="856" ind1="4" ind2="0">
    <subfield code="u">https://elibro.net/ereader/politecnicointernacional/202753</subfield>
  </datafield>
  <datafield tag="999" ind1=" " ind2=" ">
    <subfield code="c">89747</subfield>
    <subfield code="d">89747</subfield>
  </datafield>
</record>
